01502nam a22001217a 4500008004100000100002400041245008500065260002800150300002500178520108500203650006501288773002701353210109b ||||| |||| 00| 0 eng d aCarter, Chris et al aStrategic change, leadership and accounting: A triptych of organizational reform aPublic Administration  a98(1), 2020: p.62-91 aStrategic change in public sector organizations has been well documented. This article suggests that public management research would benefit from a greater appreciation of how calculative practices are deeply imbricated with, and constitutive of, organizational life. In turn, the article argues that the field of interdisciplinary accounting has much to learn from public administration, especially in terms of leadership. The overarching argument is that understanding strategic change in public organizations can be enhanced by bringing together insights from the academic fields of public administration and interdisciplinary accounting. In this respect, organizational reform can be understood as a triptych, involving strategic change, leadership and accounting practices. We illustrate this thesis through a case study of strategic change in the world's largest public service broadcaster—the British Broadcasting Corporation (BBC). It is shown how, during the tenure of one organizational leader—John Birt—accounting became pivotal to his leadership. - Reproduced  aPublic sector organizations, Public management, Leadership  aPublic Administration